Code économique et financier: introductions économiques et textes annotés

Tallennettuna:
Bibliografiset tiedot
Päätekijä: Baudhuin, Fernand (Tekijä)
Aineistotyyppi: Kirja
Kieli:ranska
Julkaistu: Bruselas Emile Bruylant 1954
Painos:2a. ed
Aiheet:
Tagit: Lisää tagi
Ei tageja, Lisää ensimmäinen tagi!

MARC

LEADER 00000nam a2200000 a 4500
001 UCS0419
003 CL-VaPUC
008 970426e19540000BE |||||||||||||||||fre|d
082 0 4 |a 338.9  |b BAU  |2 21 
100 0 |a Baudhuin, Fernand  |e author  |9 383880 
245 1 0 |a Code économique et financier: introductions économiques et textes annotés 
250 |a 2a. ed 
300 |a 2 v 
942 |c BK 
945 |d 19970426 00:00:00  |a cmena 
260 |a Bruselas  |b Emile Bruylant  |c 1954 
500 |a v.1: Législation belge 
500 |a v.2: Législation étrangère 
600 0 7 |a COMUNIDAD ECONOMICA EUROPEA  |2 CL-VaPUC  |9 383881 
650 0 |a Derecho económico   |9 259197 
650 0 |a Tratados internacionales   |9 256056 
650 0 |a Derecho económico internacional  |9 256191 
650 7 |a COOPERACION ECONOMICA INTERNACIONAL  |2 CL-VaPUC  |9 363471 
650 7 |a CODIGO ECONOMICO  |2 CL-VaPUC  |9 383882 
651 7 |a BELGICA  |2 CL-VaPUC  |9 315122 
583 |a last modification  |c 19970426 00:00:00  |k Rodrigo Vera 
999 |c 258647  |d 258645 
952 |0 0  |1 0  |4 0  |6 338_900000000000000_BAU_1954  |7 0  |8 A  |9 282897  |a BIBDER  |b BIBDER  |d 2019-11-19  |h v.1  |i 1837168  |o 338.9 BAU 1954  |p 1837168  |r 2023-01-25  |w 2019-11-19  |y BK  |k DER 
952 |0 0  |1 0  |4 0  |6 338_900000000000000_BAU_1954  |7 0  |8 A  |9 282898  |a BIBDER  |b BIBDER  |d 2019-11-19  |h v.2  |i 1837176  |o 338.9 BAU 1954  |p 1837176  |r 2023-01-25  |w 2019-11-19  |y BK  |k DER